[Event "Maastricht Limburg op-C 6th"]
[Site "Maastricht"]
[Date "2012.05.26"]
[Round "3"]
[White "Boer, Jan"]
[Black "Klokgieters, Dick"]
[Result "1-0"]
[WhiteElo "1730"]
[BlackElo "1534"]
[PlyCount "29"]
[EventDate "2012.05.25"]
[EventType "swiss"]
[EventRounds "7"]
[EventCountry "NED"]
[SourceTitle "EXT 2013"]
[Source "ChessBase"]
[SourceDate "2012.11.22"]
[SourceVersion "1"]
[SourceVersionDate "2012.11.22"]
[SourceQuality "1"]

1. d4 d5 2. c4 c6 3. Nf3 g6 4. Nc3 Bg7 5. Bf4 e6 6. e4 dxe4 7. Nxe4 Ne7 8. Nd6+ Kf8 9. Ng5 Qb6 10. Ngxf7 Bxd4 11. Qf3 Bxb2 12. Rd1 Bc3+ 13. Bd2 Bxd2+ 14. Rxd2 Qb1+ 15. Rd1 1-0